Loreto College Library, Kolkata
WEBOPAC (ONLINE PUBLIC ACCESS CATALOGUE)

Statistical handbook (Record no. 24897)

MARC details
000 -LEADER
fixed length control field 00420nam a2200157Ia 4500
008 - FIXED-LENGTH DATA ELEMENTS--GENERAL INFORMATION
fixed length control field 131103s9999 xx 000 0 und d
040 ## - CATALOGING SOURCE
Original cataloging agency Loreto College
041 ## - LANGUAGE CODE
Language code English
082 ## - DDC | ডিউই
Classification number | বর্গসংখ্যা 310/STA
Book Number | গ্রন্থাঙ্ক LCLIB(press)/27839
245 ## - TITLE STATEMENT | অাখ্যা বিবরণী
Title | অাখ্যা Statistical handbook
Sub title | উপঅাখ্যা 1980
260 ## - IMPRINT | প্রকাশনা ক্ষেত্র
Place of publication | প্রকাশ স্থান West Bengal
Name of publisher | প্রকাশকের নাম Govt. of West Bengal
Date of publication | প্রকাশ কাল 1981
300 ## - PHYSICAL DESCRIPTION |
Page / Vol. No | পৃষ্ঠা / খন্ড সংখ্যা 231p.
Other physical details | অনান্য বাহ্যিক বিবরণ chart.
650 ## - SUBJECT ADDED ENTRY--TOPICAL TERM | বিষয় শিরোনাম - মূল বিষয়
Topical term | মূল বিষয় Statistic
850 ## - HOLDING INSTITUTION
Holding institution LCLIB/310/STA
942 ## - ADDED ENTRY ELEMENTS (KOHA)
Koha item type Books
Holdings
Withdrawn status Lost status Damaged status Not for loan Home library Current library Date acquired Total Checkouts Full call number Accession No. Date last seen Price effective from Koha item type
        Loreto College Loreto College 04/11/2013   310/STA LCLIB(press)/27839 B27687 04/11/2013 04/11/2013 Books